Văn học Việt Nam trong chương trình tiểu học

Khái niệm văn học... Thống kê, phân loại văn học viết Việt Nam trong chương trình tiểu học. Định hướng cảm thụ tác phẩm văn học Việt Nam trong chương trình Tiểu học.

Saved in:
Bibliographic Details
Main Author: Lê, Vũ Minh Hằng (Tác giả)
Other Authors: Lê Thị Ngọc Luyên Th.S (Hướng dân)
Format: Book
Language:Vietnamese
Published: Đại học Đà Nẵng ĐH Sư phạm 2009
Subjects:
Tags: Add Tag
No Tags, Be the first to tag this record!
Institutions: Mạng thư viện Đại học Đà Nẵng
LEADER 01229nam a2200337 4500
001 000011637
003 7896
005 20120207160221.0
008 120207s2009 viesd
041 |a vie 
072 |a Khóa luận tốt nghiệp 
082 |a 372.64  |b LE-H 
100 |a Lê, Vũ Minh Hằng  |e Tác giả 
245 |a Văn học Việt Nam trong chương trình tiểu học  |c Lê Vũ Minh Hằng 
260 |a Đại học Đà Nẵng  |b ĐH Sư phạm  |c 2009 
300 |a 77 tr.  |c 29 cm 
500 |a Khóa luận tốt nghiệp khoa Giáo dục Tiểu học - Mầm non 
520 |a Khái niệm văn học... Thống kê, phân loại văn học viết Việt Nam trong chương trình tiểu học. Định hướng cảm thụ tác phẩm văn học Việt Nam trong chương trình Tiểu học. 
653 |a Văn học 
653 |a Chương trình 
653 |a Tiểu học 
653 |a Việt Nam 
700 |a Lê Thị Ngọc Luyên  |c Th.S  |e Hướng dân 
OWN |a LSP 
999 |a From the UDN01 
TYP |a Monograph 
TYP |a Printed language 
980 |a Mạng thư viện Đại học Đà Nẵng